| 000 | 01026cam a22002651 4500 | ||
|---|---|---|---|
| 001 | 17591 | ||
| 003 | BD-RjUL | ||
| 005 | 20211209000150.0 | ||
| 008 | 140217r19651951enkac b 001 1 eng d | ||
| 035 | _a(BD-RjUL)17649 | ||
| 035 | _a(OCoLC)1665912 | ||
| 040 |
_aYale Univ. Library _cDGU _dDGU _dDGW _dICIU _dDLC _dBD-RjUL _beng |
||
| 041 | _aeng | ||
| 082 | 0 | 0 |
_a822.33 _bBRS 1965 |
| 100 | 1 |
_aBradbrook, M. C. _q(Muriel Clara), _d1909-1993. _954226 |
|
| 245 | 1 | 0 |
_aShakespeare and Elizabethan poetry : _ba study of his earlier work in relation to the poetry of the time / _c M. C. Bradbrook, |
| 260 |
_aLondon : _bChatto and Windus, _c1951. [Reprinted 1961,1965] |
||
| 300 |
_aviii, 279 p. : _billus., port. ; _c20 cm. |
||
| 504 | _a"Notes" (bibliographical): p. 240-272. and Index | ||
| 600 | 1 | 0 |
_aShakespeare, William, _d1564-1616 _xCriticism and interpretation. _9241687 |
| 650 | 0 |
_aEnglish poetry _yEarly modern, 1500-1700 _xHistory and criticism. _94392 |
|
| 942 |
_2ddc _cBK |
||
| 999 |
_c17591 _d17591 |
||